000 00967nam a2200301 i 4500
003 EG-GICUC
005 20260423080741.0
008 260423s1889 fr a|||fr|||| 000 0 eng d
040 _aEG-GiCUC
_bfre
_cEG-GiCUC
_dEG-GiCUC
_eRda
041 0 _afre
082 0 4 _221
_a343.6
_bJO . F
092 0 4 _221
099 _aLaw1 10 343.6 JO . F 1889
100 1 _aJOLY, HENRI
_eAuteur
245 1 3 _aLa France Criminelle:
_cHenri Joly.
264 1 _aparis:
_bLibrairie Léopold Cere,
_c1889.
300 _a431 page :
_billustration ;
_c 24 cm.
336 _2rda contenu
_a texte
337 _2rda medias
_aOrdinateur
338 _2 transporteur rda
_a Ressource en ligne
500 _aComprend des illustrations en couleur, des cartes, des tableaux et des graphiques
546 _aTexte en français
650 1 _aCriminologie
_2qrmak
651 1 _2qrmak
856 4 0 _uhttps://fll.law.cu.edu.eg/fulltext/bks/B10-11483.pdf
905 _a158
942 _2ddc
_n0
_cBK
_e21
999 _c72944
_d72944